LEADER 00988nam a2200241 i 4500 001 000000248360 003 CaOOAMICUS 005 20160314000000.0 008 160314s1970 it u000 u ita u 013 $a227265 040 $aSeMil$bita 100 1 $aGianuzzi, Remo.$0(OLS)http://semarc/name/83061 245 13$aLa stampa di Torino :$bda De Benedetti a Ronchey /$cRemo Gianuzzi. 260 $aFossano (CN) :$bEditrice Esperienze,$c1970. 300 $a262 p. ;$c19 cm . 490 0 $aI segni dei tempi ;$v14 650 4$aLa Stampa .$0(OLS)http://semarc/subject/42810 830 2$aI segni dei tempi ;$v14.$0(OLS)http://semarc/title/7691 850 $aSeMil 852 $aSeMil$W1$xVenegono$y1$m3M I 242$j198706$B198706$CSeMilBibl$Z2$F210509 $81 961 $aLascito: Calori don Carlo 996 $6245$aLa stampa di Torino :$bda De Benedetti a Ronchey$9(OLS)http://semarc/title/350493 996 $6260$aFossano (CN) :$bEditrice Esperienze$9(OLS)http://semarc/publisher/31255 LEADER 01181nam a2200241 i 4500 001 000000189566 003 CaOOAMICUS 005 20100512000000.0 008 100512s1913 fr u000 u mul u 013 $a167840 040 $aSeMil$bita 245 10$aSemaine d'ethnologie religieuse :$bcompte-rendu analytique de la 1. session tenue à Louvain, 27 aout-4 septembre 1912. 260 $aBruxelles :$bDewit,$c1913. 260 $aParis :$bBeauchesne,$c1913. 300 $a340 p. ;$c23 cm. 650 4$aEtnologia religiosa.$0(OLS)http://semarc/subject/6651 700 1 $aSemaine d'ethnologie religieuse <1. ; 1912 ; Louvain>.$0(OLS)http://semarc/name/69346 773 0 $tSemaine internationale d'ethnologie religieuse.$dParis : Beauchesne, 1913.$g1$w()1822 850 $aSeMil 852 $aSeMil$W1$xVenegono$y1$m2X V 119$j140197$B140197$CSeMilBibl$Z2$F151815 $81 996 $6245$aSemaine d'ethnologie religieuse :$bcompte-rendu analytique de la 1. session tenue à Louvain, 27 aout-4 septembre 1912$9(OLS)http://semarc/title/272930 996 $6260$aParis :$bBeauchesne$9(OLS)http://semarc/publisher/29638 996 $6260$aBruxelles :$bDewit$9(OLS)http://semarc/publisher/30048 LEADER 00806nam a2200217 i 4500 001 000000103418 003 CaOOAMICUS 005 20260216160447.0 008 011001s1979 it u000 u ita u 013 $a75589 040 $aSeMil$bita 245 10$aGe-Pi. 300 $a807 p., CCXXXVIII p. di tav., [1] c. di carte geografiche. 773 0 $tQuarta appendice: 1961-1978.$dRoma : Istituto della Enciclopedia Italiana, 1978-1981.$w()6655 850 $aSeMil 852 $aSeMil$W1$xVenegono$y1$m1AA VI 1/2$j267339$B59879$CSeMilBibl$Z2$F44363 $8I 852 $aSeMil$W1$xVenegono$y1$mSL1.K IV 2/2$j267340$B257265$CSeMilBibl$Z2$F257265 $8I 961 $aAcquisto: Casa editrice 961 $aBucca Anna Maria - Omaggio 996 $6245$aGe-Pi$9(OLS)http://semarc/title/150213